[Event "Katowice rapid op"]
[Site "Katowice"]
[Date "2025.05.31"]
[Round "2"]
[White "Skorek, Kasper"]
[Black "Klusak, Piotr"]
[Result "0-1"]
[WhiteElo "1592"]
[BlackElo "1964"]
[PlyCount "87"]
[EventDate "2025.05.31"]
[EventType "swiss"]
[EventRounds "11"]
[EventCountry "POL"]
[SourceTitle "CB24_2025"]
[SourceDate "2025.06.11"]
[SourceVersion "1"]
[SourceVersionDate "2025.06.11"]
[SourceQuality "1"]

1. e4 d6 2. d4 Nf6 3. Nc3 g6 4. Bc4 Bg7 5. Nf3 0-0 6. 0-0 Bg4 7. h3 Bxf3 8. Qxf3 Nc6 9. Be3 Nd7 10. Rad1 Nb6 11. Be2 e5 12. dxe5 Nxe5 13. Qg3 Nec4 14. Bg5 Qe8 15. Bxc4 Nxc4 16. Nd5 Qd7 17. Nf6+ Bxf6 18. Bxf6 Qe6 19. Qh4 Ne5 20. Rfe1 Nd7 21. Bc3 f6 22. a3 Rae8 23. Rd3 Nc5 24. Rde3 Qf7 25. b4 Nd7 26. f4 Re6 27. Qg4 Rfe8 28. f5 R6e7 29. fxg6 hxg6 30. Rg3 Kg7 31. h4 Ne5 32. Qe2 Qe6 33. Rf1 Rh8 34. h5 g5 35. Bd2 Nf7 36. Re1 Rh6 37. Qb5 Qe5 38. Qxe5 Nxe5 39. Be3 Rxh5 40. Bxa7 b6 41. a4 Nc6 42. Bxb6 cxb6 43. c3 Rh4 44. Rge3 0-1

[Event "Katowice rapid op"]
[Site "Katowice"]
[Date "2025.05.31"]
[Round "7"]
[White "Wilczek, Kajetan"]
[Black "Skorek, Kasper"]
[Result "1-0"]
[WhiteElo "1845"]
[BlackElo "1592"]
[PlyCount "57"]
[EventDate "2025.05.31"]
[EventType "swiss"]
[EventRounds "11"]
[EventCountry "POL"]
[SourceTitle "CB24_2025"]
[SourceDate "2025.06.11"]
[SourceVersion "1"]
[SourceVersionDate "2025.06.11"]
[SourceQuality "1"]

1. e4 c5 2. Nf3 Nc6 3. d4 cxd4 4. Nxd4 e5 5. Nb5 d6 6. N1c3 a6 7. Na3 b5 8. Qd5 Nge7 9. Qd1 b4 10. Nc4 Nd4 11. Ne2 Nec6 12. Be3 Nxe2 13. Bxe2 Rb8 14. 0-0 Be7 15. Kh1 0-0 16. f4 f5 17. Qd5+ Kh8 18. Qxc6 Bb7 19. Qa4 Bxe4 20. fxe5 d5 21. Nd2 d4 22. Nxe4 fxe4 23. Rxf8+ Bxf8 24. Rd1 Bc5 25. Qc6 Qa5 26. Bxd4 Bxd4 27. Rxd4 Qxe5 28. Rxe4 Qb5 29. Bxb5 1-0